| 000 | 00720cab a2200217 4500 | ||
|---|---|---|---|
| 001 | ABS37531 | ||
| 008 | 090401t1987 xxu||||| |||| 00| 0 eng d | ||
| 035 | _a(Sirsi) u5106 | ||
| 041 | _aeng | ||
| 100 | _aLewis, J. | ||
| 245 | _aOut-of-town developers tied by local authority conditions | ||
| 260 | _c1987 | ||
| 350 | _a0 | ||
| 490 |
_aEstates Times _v(884) 6 March 1987, 13 (1) |
||
| 520 | _aDiscusses some of the problems confronting the potential developer of an out-of-town retail site such as planning restrictions , construction delays and letting procedures. | ||
| 650 | _aOUT-OF-TOWN SHOPPING | ||
| 650 | _aSHOP DEVELOPMENT | ||
| 690 | _aPLANNING LAW AND PRACTICE | ||
| 942 | _n0 | ||
| 948 | _c04/03/1997 | ||
| 999 |
_c3062 _d3062 |
||